Colonización antioqueña y vida cotidiana : (Registro nro. 7443)

Detalles MARC
000 -LEADER
fixed length control field 01632cam a2200313 i 4500
003 - CONTROL NUMBER IDENTIFIER
control field OCoLC
005 - DATE AND TIME OF LATEST TRANSACTION
control field 20210304135428.0
007 - PHYSICAL DESCRIPTION FIXED FIELD--GENERAL INFORMATION
fixed length control field ta
008 - FIXED-LENGTH DATA ELEMENTS--GENERAL INFORMATION
fixed length control field 181211s2018 sp ab gr 000 0 spa d
020 ## - INTERNATIONAL STANDARD BOOK NUMBER
International Standard Book Number 9789587591507
040 ## - CATALOGING SOURCE
Original cataloging agency CO-BoPUJ
Transcribing agency CO-JMCR
041 0# - LANGUAGE CODE
Language code of text/sound track or separate title spa
082 04 - DEWEY DECIMAL CLASSIFICATION NUMBER
Classification number 333.3186126 /
Item number V152c
Edition number 23
100 1# - MAIN ENTRY--PERSONAL NAME
Personal name Valencia Llano, Albeiro
Relator term autor
9 (RLIN) 14362
245 10 - TITLE STATEMENT
Title Colonización antioqueña y vida cotidiana :
Remainder of title construcción de la región caldense /
Statement of responsibility, etc. Albeiro Valencia Llano
260 ## - PUBLICATION, DISTRIBUTION, ETC.
Place of publication, distribution, etc. Manizales :
Name of publisher, distributor, etc. Universidad de Caldas,
Date of publication, distribution, etc. 2018.
300 ## - PHYSICAL DESCRIPTION
Extent 450 páginas :
Other physical details ilustraciones y mapas a blanco y negro ;
Dimensions 21 cm.
490 1# - SERIES STATEMENT
Series statement Ensayos
504 ## - BIBLIOGRAPHY, ETC. NOTE
Bibliography, etc. note Bibliografía: páginas 439-450.
505 0# - FORMATTED CONTENTS NOTE
Formatted contents note La colonización como un proceso -- La vida familiar -- Los andariegos -- Colonización y conflictos -- La gesta de la arriería -- La guaquería -- Empresarios y formación de fortunas -- La cultura del café -- La religión caldense
520 0# - SUMMARY, ETC.
Summary, etc. Este libro tuvo su primera aparición en 1996 con el título "Vida cotidiana y desarrollo regional en la colonización antioqueña" . En esta nueva edición, ampliada y corregida, Albeiro Valencia Llano reconstruye un pasado que aún sobrevive en poblaciones trepadas en las montañas.
650 24 - SUBJECT ADDED ENTRY--TOPICAL TERM
Topical term or geographic name entry element Desarrollo social
Geographic subdivision Antioquia (Colombia)
9 (RLIN) 14363
650 24 - SUBJECT ADDED ENTRY--TOPICAL TERM
Topical term or geographic name entry element Vida cotidiana
Geographic subdivision Antioquia (Colombia)
9 (RLIN) 14364
651 #4 - SUBJECT ADDED ENTRY--GEOGRAPHIC NAME
Geographic name Antioquia (Colombia)
General subdivision Condiciones económicas
9 (RLIN) 14365
651 #4 - SUBJECT ADDED ENTRY--GEOGRAPHIC NAME
Geographic name Antioquia (Colombia)
General subdivision Vida social y costumbres
9 (RLIN) 14366
651 #4 - SUBJECT ADDED ENTRY--GEOGRAPHIC NAME
Geographic name Antioquia (Colombia)
General subdivision Colonización
-- Historia
9 (RLIN) 14367
830 #0 - SERIES ADDED ENTRY--UNIFORM TITLE
Uniform title Ensayos
9 (RLIN) 14368
942 ## - ADDED ENTRY ELEMENTS (KOHA)
Source of classification or shelving scheme Dewey Decimal Classification
Koha item type Books
Existencias
Withdrawn status Lost status Source of classification or shelving scheme Damaged status Not for loan Home library Current library Shelving location Date acquired Source of acquisition Total Checkouts Full call number Barcode Date last seen Copy number Price effective from Koha item type
    Dewey Decimal Classification     Biblioteca Pública José María del Castillo y Rada Biblioteca Pública José María del Castillo y Rada General Stacks   Donación   333.3186126 / V152c 201810531 05/16/2024 Ej.1   Books